<?xml version="1.0" encoding="UTF-8"?>
<record
    xmlns:xsi="http://www.w3.org/2001/XMLSchema-instance"
    xsi:schemaLocation="http://www.loc.gov/MARC21/slim http://www.loc.gov/standards/marcxml/schema/MARC21slim.xsd"
    xmlns="http://www.loc.gov/MARC21/slim">

  <leader>03016njm a2200517Ia 4500</leader>
  <controlfield tag="001">23887</controlfield>
  <controlfield tag="003">IT-RoPAU</controlfield>
  <controlfield tag="005">20220918181124.0</controlfield>
  <controlfield tag="008">131025s9999    xx            000 0 und d</controlfield>
  <datafield tag="040" ind1=" " ind2=" ">
    <subfield code="a">IT-RoPAU</subfield>
  </datafield>
  <datafield tag="040" ind1=" " ind2=" ">
    <subfield code="c">IT-RoPAU</subfield>
  </datafield>
  <datafield tag="999" ind1=" " ind2=" ">
    <subfield code="c">100039</subfield>
    <subfield code="d">100039</subfield>
  </datafield>
  <datafield tag="999" ind1=" " ind2=" ">
    <subfield code="b">n.d.</subfield>
  </datafield>
  <datafield tag="100" ind1=" " ind2=" ">
    <subfield code="a">AA.VV.</subfield>
    <subfield code="9">794</subfield>
  </datafield>
  <datafield tag="100" ind1=" " ind2=" ">
    <subfield code="e">Autore musica</subfield>
    <subfield code="9">7005</subfield>
  </datafield>
  <datafield tag="100" ind1=" " ind2=" ">
    <subfield code="g">Codice autore musica SPICS: 12000</subfield>
    <subfield code="9">796</subfield>
  </datafield>
  <datafield tag="245" ind1=" " ind2=" ">
    <subfield code="a">Neapolitan Mandolins (mandolini napoletani)-Lp Sm 3043</subfield>
  </datafield>
  <datafield tag="250" ind1=" " ind2=" ">
    <subfield code="a">1a ed.</subfield>
  </datafield>
  <datafield tag="260" ind1=" " ind2=" ">
    <subfield code="a">MILANO</subfield>
  </datafield>
  <datafield tag="260" ind1=" " ind2=" ">
    <subfield code="b">JOKER - W. GURTLER</subfield>
    <subfield code="c">1969 [1a Ed.:1969]</subfield>
  </datafield>
  <datafield tag="300" ind1=" " ind2=" ">
    <subfield code="a">DISCO</subfield>
  </datafield>
  <datafield tag="300" ind1=" " ind2=" ">
    <subfield code="c">30 minuti (Testo:  pag.)</subfield>
  </datafield>
  <datafield tag="500" ind1=" " ind2=" ">
    <subfield code="a">Canzone napoletana strumentale. Mandolini</subfield>
  </datafield>
  <datafield tag="505" ind1=" " ind2=" ">
    <subfield code="a">Santa Lucia (3:00) - Ndringhete 'ndra (3:00) - E spingole frangese (3:00) - Comme facette mammeta (2:00) - Carcioffol&#xE0; (3:00) - Bella campagnola (3:00) - O' ciucciariello (3:00) - Desiderio (3:00) - O' marenariello (3:00) - A' sirena (4:00) - Scetate (4:00) - Mbracc&#xEC; a me (2:00)</subfield>
  </datafield>
  <datafield tag="511" ind1=" " ind2=" ">
    <subfield code="a">Mandolini napoletani</subfield>
  </datafield>
  <datafield tag="650" ind1=" " ind2=" ">
    <subfield code="a">CANZONE NAPOLET [DISCHI]</subfield>
    <subfield code="e">Codice MATERIA SPICS: 9950</subfield>
    <subfield code="9">7006</subfield>
  </datafield>
  <datafield tag="700" ind1=" " ind2=" ">
    <subfield code="a">Cottrau Guglielmo</subfield>
    <subfield code="d">Codice autore musica SPICS: 13695</subfield>
    <subfield code="e">Autore musica</subfield>
    <subfield code="p">Santa Lucia</subfield>
    <subfield code="9">7007</subfield>
  </datafield>
  <datafield tag="700" ind1=" " ind2=" ">
    <subfield code="a">De Gregorio</subfield>
    <subfield code="d">Codice autore musica SPICS: 14020</subfield>
    <subfield code="e">Autore musica</subfield>
    <subfield code="p">Ndringhete 'ndra</subfield>
    <subfield code="9">7008</subfield>
  </datafield>
  <datafield tag="700" ind1=" " ind2=" ">
    <subfield code="a">Cinquegrana P.</subfield>
    <subfield code="d">Codice autore SPICS: 14019</subfield>
    <subfield code="e">Autore</subfield>
    <subfield code="p">Ndringhete 'ndra</subfield>
    <subfield code="9">7009</subfield>
  </datafield>
  <datafield tag="700" ind1=" " ind2=" ">
    <subfield code="a">Tosti Francesco Paolo</subfield>
    <subfield code="d">Codice autore musica SPICS: 13473</subfield>
    <subfield code="e">Autore musica</subfield>
    <subfield code="p">E spingole frangese</subfield>
    <subfield code="9">7010</subfield>
  </datafield>
  <datafield tag="700" ind1=" " ind2=" ">
    <subfield code="a">Di Giacomo Salvatore</subfield>
    <subfield code="d">Codice autore SPICS: 13668</subfield>
    <subfield code="e">Autore</subfield>
    <subfield code="p">E spingole frangese - Carcioffol&#xE0; - A' sirena</subfield>
    <subfield code="9">7011</subfield>
  </datafield>
  <datafield tag="700" ind1=" " ind2=" ">
    <subfield code="a">Capaldo Giuseppe</subfield>
    <subfield code="d">Codice autore musica SPICS: 13709</subfield>
    <subfield code="e">Autore musica</subfield>
    <subfield code="p">Comme facette mammeta</subfield>
    <subfield code="9">7012</subfield>
  </datafield>
  <datafield tag="700" ind1=" " ind2=" ">
    <subfield code="a">Gambardella Salvatore</subfield>
    <subfield code="d">Codice autore SPICS: 13700</subfield>
    <subfield code="e">Autore</subfield>
    <subfield code="p">Comme facette mammeta - O' marenariello</subfield>
    <subfield code="9">7013</subfield>
  </datafield>
  <datafield tag="700" ind1=" " ind2=" ">
    <subfield code="a">Di Capua Edoardo</subfield>
    <subfield code="d">Codice autore musica SPICS: 13138</subfield>
    <subfield code="e">Autore musica</subfield>
    <subfield code="p">Carcioffol&#xE0;</subfield>
    <subfield code="9">7014</subfield>
  </datafield>
  <datafield tag="700" ind1=" " ind2=" ">
    <subfield code="a">Blasio</subfield>
    <subfield code="d">Codice autore musica SPICS: 14022</subfield>
    <subfield code="e">Autore musica</subfield>
    <subfield code="p">Bella campagnola</subfield>
    <subfield code="9">7015</subfield>
  </datafield>
  <datafield tag="700" ind1=" " ind2=" ">
    <subfield code="a">Spizzica</subfield>
    <subfield code="d">Codice autore SPICS: 14021</subfield>
    <subfield code="e">Autore</subfield>
    <subfield code="p">Bella campagnola</subfield>
    <subfield code="9">7016</subfield>
  </datafield>
  <datafield tag="700" ind1=" " ind2=" ">
    <subfield code="a">Oliviero Nino</subfield>
    <subfield code="d">Codice autore musica SPICS: 14018</subfield>
    <subfield code="e">Autore musica</subfield>
    <subfield code="p">O' ciucciariello</subfield>
    <subfield code="9">7017</subfield>
  </datafield>
  <datafield tag="700" ind1=" " ind2=" ">
    <subfield code="a">Murolo Roberto</subfield>
    <subfield code="d">Codice autore SPICS: 13697</subfield>
    <subfield code="e">Autore</subfield>
    <subfield code="p">O' ciucciariello - Mbracc&#xEC; a me</subfield>
    <subfield code="9">7018</subfield>
  </datafield>
  <datafield tag="700" ind1=" " ind2=" ">
    <subfield code="a">Trusiano</subfield>
    <subfield code="d">Codice autore musica SPICS: 14004</subfield>
    <subfield code="e">Autore musica</subfield>
    <subfield code="p">Desiderio</subfield>
    <subfield code="9">7019</subfield>
  </datafield>
  <datafield tag="700" ind1=" " ind2=" ">
    <subfield code="a">Mazzocco</subfield>
    <subfield code="d">Codice autore SPICS: 14030</subfield>
    <subfield code="e">Autore</subfield>
    <subfield code="p">Desiderio</subfield>
    <subfield code="9">7020</subfield>
  </datafield>
  <datafield tag="700" ind1=" " ind2=" ">
    <subfield code="a">Ottaviano Gennaro</subfield>
    <subfield code="d">Codice autore musica SPICS: 13701</subfield>
    <subfield code="e">Autore musica</subfield>
    <subfield code="p">O' marenariello</subfield>
    <subfield code="9">7021</subfield>
  </datafield>
  <datafield tag="700" ind1=" " ind2=" ">
    <subfield code="a">Valente Nicola</subfield>
    <subfield code="d">Codice autore musica SPICS: 13463</subfield>
    <subfield code="e">Autore musica</subfield>
    <subfield code="p">A' sirena</subfield>
    <subfield code="9">7022</subfield>
  </datafield>
  <datafield tag="700" ind1=" " ind2=" ">
    <subfield code="a">Costa A.</subfield>
    <subfield code="d">Codice autore musica SPICS: 13206</subfield>
    <subfield code="e">Autore musica</subfield>
    <subfield code="p">Scetate</subfield>
    <subfield code="9">7023</subfield>
  </datafield>
  <datafield tag="700" ind1=" " ind2=" ">
    <subfield code="a">Russo Vincenzo</subfield>
    <subfield code="d">Codice autore SPICS: 13669</subfield>
    <subfield code="e">Autore</subfield>
    <subfield code="p">Scetate</subfield>
    <subfield code="9">7024</subfield>
  </datafield>
  <datafield tag="700" ind1=" " ind2=" ">
    <subfield code="a">Tagliaferri Ernesto</subfield>
    <subfield code="d">Codice autore musica SPICS: 13714</subfield>
    <subfield code="e">Autore musica</subfield>
    <subfield code="p">Mbracc&#xEC; a me</subfield>
    <subfield code="9">7025</subfield>
  </datafield>
  <datafield tag="942" ind1=" " ind2=" ">
    <subfield code="c">MD</subfield>
    <subfield code="2">ddc</subfield>
  </datafield>
  <datafield tag="952" ind1=" " ind2=" ">
    <subfield code="0">0</subfield>
    <subfield code="1">0</subfield>
    <subfield code="4">0</subfield>
    <subfield code="6">23887_000000000000000</subfield>
    <subfield code="7">1</subfield>
    <subfield code="a">SPICS</subfield>
    <subfield code="b">SPICS</subfield>
    <subfield code="d">2013-10-25</subfield>
    <subfield code="l">0</subfield>
    <subfield code="o">23887</subfield>
    <subfield code="r">2013-10-25 00:00:00</subfield>
    <subfield code="w">2013-10-25</subfield>
    <subfield code="y">MD</subfield>
    <subfield code="z">Progr. Ins.: 4734 / N.Vol.: 1 / Copie: 1 - Copia rara: n.d. / date import: 01.01.2014 - By Epidotti, Trombetti, Vaglietti</subfield>
  </datafield>
</record>
